Statistiques concernant BIBLE - Les 10 plaies d'Egypte

Cliquez ici pour prendre le quiz!

Statistiques générales

  • Ce quiz a été pris 30 fois
  • Le résultat moyen est 3 sur 10

Statistiques - réponses

Plaies% Correct
2èmeLes grenouilles
65%
3èmeLes poux
45%
4èmeLes mouches venimeuses
45%
8èmeLes sauterelles
35%
7èmeLa grêle
30%
1erLes eaux changées en sang
25%
6èmeLes ulcères
20%
9èmeLes ténèbres
20%
10èmeLa mort des premiers-nés
20%
5èmeLa mort des troupeaux
15%

Distribution des résultats

Percentile par nombre de réponses

% des personnes avec chaque résultat

Votre développement - résultats

Vous n’avez pas pris ce quiz